000 00506nam a2200193Ia 4500
005 20250324043156.0
008 240331s9999 xx 000 0 und d
020 _a9559102001
082 _a303.4
_bGUN
_256
100 _aGunasinghe, N
245 0 _aChanging Socio-Economic Relations in the Kandyan Countryside
260 _aColombo,
_bSocial Scientists' Association
_c1990
300 _a222 p.,
650 _aSocio-economy
650 _aCapitalism
650 _aCaste
650 _aClass
942 _cL
999 _c1204
_d1204